Les villes dans les titres de livres - Statistiques

Statistiques générales
  • Ce quiz a été pris 87 fois
  • Le résultat moyen est 9 sur 20
Statistiques - réponses
Auteurs Titres tronqués Villes manquantes % Correct
Émile Zola Le Ventre de _____ Paris
99%
Beaumarchais Le Barbier de _______ Séville
88%
Stendahl La Chartreuse de _____ Parme
84%
Hergé Vol 714 pour ______ Sydney
70%
Alfred Döblin ______ Alexanderplatz Berlin
68%
Jérôme Ferrari Le Sermon sur la chute de ____ Rome
66%
Arthur Miller Les Sorcières de _____ Salem
66%
Marguerite Duras _________ mon amour Hiroshima
64%
Thomas Mann La Mort à ______ Venise
55%
Durian Sukegawa Les délices de _____ Tokyo
50%
James Joyce Gens de ______ Dublin
43%
Yasmina Khadra Les Hirondelles de ______ Kaboul
35%
Jean-Claude Carrière La Controverse de __________ Valladolid
34%
Azar Nafisi Lire Lolita à _______ Téhéran
20%
José Saramago Histoire du siège de ________ Lisbonne
16%
Arnaldur Indriðason Les Nuits de _________ Reykjavik
16%
Guy Delisle Chroniques de _________ Jérusalem
9%
René Barjavel Les Chemins de _________ Katmandou
8%
Louis Aragon Les Cloches de ____ Bâle
4%
Graham Greene Notre agent à _________ La Havane
3%
Aucun quiz correspondant
Distribution des résultats
% des personnes avec chaque résultat
Percentile par nombre de réponses
Votre historique - résultats
Vous n’avez pas pris ce quiz